| 000 | 00970nam a22002535i 4500 | ||
|---|---|---|---|
| 001 | 176036 | ||
| 003 | ES-MaACL | ||
| 005 | 20230906215954.0 | ||
| 008 | 101213s1966 sp |||| | spa d | ||
| 080 | _a316.334.2 | ||
| 100 | 1 |
_aSchneider, Eugene V. _9144256 |
|
| 245 | 1 | 0 |
_aSociología industrial _b: relaciones sociales entre la industria y la comunidad / _cEugene V. Schneider ; [lo tradujo al castellano José C. Castillo]. |
| 260 |
_aMadrid : _bGuadarrama, _cD. L. 1966. |
||
| 300 |
_a763 p. ; _c22 cm. |
||
| 490 | 1 |
_aBiblioteca de ciencias humanas ; _v2 |
|
| 500 | _aÍndice. | ||
| 504 | _aBibliografía: p. 701-741. | ||
| 594 | _aTít. original: Industrial Sociology : the Social Relations of Industry and The Community. | ||
| 650 | 0 | 4 |
_aSociología industrial. _917214 |
| 700 | 0 |
_aCastillo Castillo, José. _936731 |
|
| 830 | 0 |
_aBiblioteca de ciencias humanas ; _v2 _9189910 |
|
| 852 |
_aES-MaACL _jE-13772 _xOlim P-1350 |
||
| 999 |
_c176036 _d176036 |
||